[Event "4NCL Division 4 South"]
[Site "Reading, ENG"]
[Date "2018.03.24"]
[Round "7.95"]
[White "Faizi, Tariq"]
[Black "Woods, Timothy J"]
[Result "1/2-1/2"]
[WhiteElo "1441"]
[BlackElo "1629"]
[PlyCount "93"]
[EventDate "2018.03.24"]

1. d4 d6 2. g3 Nf6 3. Bg2 g6 4. e4 Bg7 5. Ne2 O-O 6. O-O Nc6 7. Bg5 e5 8. c3
Re8 9. f4 h6 10. Bh4 Bg4 11. d5 Nb8 12. Nd2 Nbd7 13. h3 Bxe2 14. Qxe2 c6 15.
dxc6 Qb6+ 16. Kh2 Qxc6 17. Rf3 Nh5 18. Raf1 Rac8 19. R3f2 Qc5 20. f5 Rf8 21.
Bf3 Nhf6 22. g4 a5 23. Bg3 b5 24. h4 g5 25. Rg2 Qc6 26. hxg5 hxg5 27. Rh1 a4
28. Bf2 a3 29. b3 Qxc3 30. Kg3 Nc5 31. Rgh2 Nfxe4+ 32. Nxe4 Nxe4+ 33. Qxe4 d5
34. Qxd5 e4 35. Qxe4 Rfe8 36. Qd5 Red8 37. Qxb5 Be5+ 38. Kg2 Bxh2 39. Rxh2 Rd2
40. Rh5 Rxf2+ 41. Kxf2 Qd4+ 42. Kg2 Rc2+ 43. Be2 Qxg4+ 44. Kf2 Qf4+ 45. Kg2
Qg4+ 46. Kf1 Rc1+ 47. Kf2 1/2-1/2

[Event "4NCL Division 4 South"]
[Site "Reading, ENG"]
[Date "2018.03.24"]
[Round "7.99"]
[White "Willmoth, Harrison"]
[Black "Campbell, Mark C"]
[Result "0-1"]
[WhiteElo "1892"]
[BlackElo "1894"]
[PlyCount "82"]
[EventDate "2018.03.24"]

1. e4 c5 2. Nf3 d6 3. Bb5+ Nd7 4. O-O Ngf6 5. Re1 a6 6. Bxd7+ Bxd7 7. d3 e6 8.
Bg5 Be7 9. c3 O-O 10. d4 Bc6 11. Bxf6 Bxf6 12. d5 exd5 13. exd5 Bd7 14. Qd2 b5
15. Na3 Bg4 16. Qf4 Qd7 17. h3 Bh5 18. Re2 Rae8 19. Rae1 Rxe2 20. Rxe2 Qd8 21.
c4 b4 22. Nb1 Bg6 23. Qc1 Re8 24. Rxe8+ Qxe8 25. Nbd2 Qe2 26. b3 Bc3 27. Qf1
Qxf1+ 28. Kxf1 Bd3+ 29. Kg1 h6 30. g4 g5 31. Kg2 Kg7 32. Kg3 Kg6 33. Ne1 Be2
34. Nef3 f5 35. Kg2 Kf6 36. Kg3 f4+ 37. Kg2 Bxd2 38. Nxd2 Ke5 39. f3 Bd3 40.
Kf2 Kd4 41. Ke1 Ke3 0-1

[Event "4NCL Division 4 South"]
[Site "Reading, ENG"]
[Date "2018.03.24"]
[Round "7.99"]
[White "O'Shea, Colm"]
[Black "Kesterson, Kennan"]
[Result "1-0"]
[WhiteElo "1817"]
[BlackElo "1750"]
[PlyCount "77"]
[EventDate "2018.03.24"]

1. e4 e6 2. d3 d5 3. Nd2 Nf6 4. Ngf3 c5 5. g3 Nc6 6. Bg2 Be7 7. O-O O-O 8. Re1
a6 9. e5 Nd7 10. Nf1 b5 11. h4 Nb6 12. Bf4 a5 13. N1h2 Bd7 14. Ng5 h6 15. Nh3
c4 16. d4 b4 17. c3 Na7 18. Ng4 f5 19. exf6 Bxf6 20. Nxf6+ Rxf6 21. Be5 Rf7 22.
Nf4 Nc6 23. Bh3 Qe8 24. Bc7 Ra6 25. Bxb6 Rxb6 26. Nxd5 Rb8 27. Nc7 Qc8 28. Nxe6
Re7 29. d5 Nd8 30. Nxd8 Qxd8 31. Rxe7 Qxe7 32. Bxd7 Qxd7 33. Qd4 Rc8 34. cxb4
axb4 35. Rc1 c3 36. bxc3 bxc3 37. Rxc3 Rxc3 38. Qxc3 Qxd5 39. Qb3 1-0

[Event "4NCL Division 4 South"]
[Site "Reading, ENG"]
[Date "2018.03.24"]
[Round "7.99"]
[White "Orgler, Lukas"]
[Black "Ivanov, George"]
[Result "0-1"]
[WhiteElo "1615"]
[BlackElo "1799"]
[PlyCount "78"]
[EventDate "2018.03.24"]

1. e4 e5 2. Nf3 Nc6 3. c3 Nf6 4. d4 d6 5. dxe5 Nxe4 6. exd6 Bxd6 7. Qe2 O-O 8.
Be3 Re8 9. Nbd2 Qf6 10. Nxe4 Rxe4 11. Qc2 Qg6 12. Bd3 Bf5 13. Rg1 Rxe3+ 14.
fxe3 Bxd3 15. Qd2 Bc5 16. O-O-O Rd8 17. Nd4 Be4 18. Qf2 Ne5 19. Qh4 Re8 20. Kd2
Nc4+ 21. Kc1 Nxe3 22. Rd2 Nc4 23. Re2 Bxd4 24. cxd4 Qc6 25. Qg3 Ne3+ 26. Kd2
Qc2+ 27. Ke1 Qc1+ 28. Kf2 Nd1+ 29. Rxd1 Qxd1 30. Qe3 Qa4 31. b3 Qc6 32. g3 h6
33. Re1 Qf6+ 34. Kg1 Bc6 35. Qf2 Rxe1+ 36. Qxe1 Qf3 37. Qd2 Qh1+ 38. Kf2 Qxh2+
39. Ke3 Qxg3+ 0-1

[Event "4NCL Division 4 South"]
[Site "Reading, ENG"]
[Date "2018.03.24"]
[Round "7.99"]
[White "Phillips, William"]
[Black "Vaidya, Raghav"]
[Result "1/2-1/2"]
[WhiteElo "1857"]
[BlackElo "1570"]
[PlyCount "58"]
[EventDate "2018.03.24"]

1. d4 Nf6 2. Nf3 e6 3. e3 b6 4. Bd3 Bb7 5. O-O Be7 6. c4 O-O 7. Nc3 d6 8. e4
Nbd7 9. Re1 e5 10. d5 Rc8 11. b4 c6 12. Bd2 Re8 13. Rc1 c5 14. b5 Nf8 15. Bf1
h6 16. g3 N6h7 17. Be3 Bg5 18. Nxg5 hxg5 19. Bh3 Rc7 20. f3 Bc8 21. Bxc8 Rxc8
22. a4 Qf6 23. Rf1 Qg6 24. g4 Qh6 25. Qd2 f6 26. Ne2 Ng6 27. Ng3 Rcd8 28. Nf5
Qh3 29. Qg2 Qxg2+ 1/2-1/2

[Event "4NCL Division 4 South"]
[Site "Reading, ENG"]
[Date "2018.03.24"]
[Round "7.99"]
[White "Sanfey, Gregor"]
[Black "Lim, Mark"]
[Result "0-1"]
[WhiteElo "1562"]
[BlackElo "1834"]
[PlyCount "74"]
[EventDate "2018.03.24"]

1. d4 Nf6 2. c4 e6 3. Nf3 d5 4. g3 Be7 5. Bg2 O-O 6. O-O Nbd7 7. Nbd2 b6 8.
cxd5 exd5 9. b3 Bb7 10. Bb2 Rc8 11. Rc1 a6 12. Ne5 c5 13. dxc5 bxc5 14. e3 Qb6
15. Ndc4 Qe6 16. Nxd7 Nxd7 17. Nd2 Bc6 18. Qh5 Nf6 19. Qe2 Bb5 20. Qf3 Bxf1 21.
Bxf1 Rfd8 22. g4 Ne4 23. Nxe4 Qxe4 24. Qh3 Rc6 25. Rd1 Rg6 26. f3 Qc2 27. Re1
Qxb2 28. Bd3 Rh6 29. Qg3 Bh4 30. Qc7 Qf2+ 31. Kh1 Qxe1+ 32. Kg2 Qf2+ 33. Kh1
Qxf3+ 34. Kg1 Bf2+ 35. Kf1 Bxe3+ 36. Ke1 Qf2+ 37. Kd1 Qd2# 0-1

[Event "4NCL Division 4 South"]
[Site "Reading, ENG"]
[Date "2018.03.24"]
[Round "7.99"]
[White "Dhemrait, Jagdeep"]
[Black "Angelopoulos, Andreas"]
[Result "1-0"]
[WhiteElo "1789"]
[BlackElo "1532"]
[PlyCount "137"]
[EventDate "2018.03.24"]

1. e4 c6 2. d4 d5 3. e5 Bf5 4. Nf3 e6 5. c3 c5 6. Be3 Nc6 7. Bd3 Bxd3 8. Qxd3
cxd4 9. cxd4 Bb4+ 10. Nc3 Nge7 11. a3 Bxc3+ 12. bxc3 Nf5 13. Bd2 O-O 14. O-O
Na5 15. Bg5 Qc7 16. Nd2 h6 17. Bf4 Rac8 18. Rac1 b6 19. g4 Ne7 20. h4 Ng6 21.
Bg3 Nc4 22. Nxc4 Qxc4 23. Qe3 Ne7 24. h5 Qc7 25. Bh4 Qd7 26. Kh2 Rc4 27. f4
Rfc8 28. Rc2 Kf8 29. Be1 Nc6 30. Rcf2 Ne7 31. Qd3 Kg8 32. f5 exf5 33. gxf5 R4c6
34. f6 Qg4 35. fxe7 Qxh5+ 36. Qh3 Qxh3+ 37. Kxh3 Re8 38. Rf3 Rxe7 39. Bd2 Rec7
40. Rg1 Kh7 41. Rfg3 g6 42. Rf3 h5 43. Rgf1 Kg7 44. Kh4 Kg8 45. Rf6 Rxf6 46.
Rxf6 Kg7 47. Rd6 Kf8 48. Rd8+ Ke7 49. Rxd5 Ke6 50. Rd6+ Kf5 51. Rf6+ Ke4 52. e6
fxe6 53. Rxe6+ Kd3 54. Be1 Rc4 55. Rxg6 Ra4 56. Kxh5 Rxa3 57. Rc6 Ra5+ 58. Kg4
Rd5 59. Kf4 b5 60. Rc5 Rxc5 61. dxc5 a5 62. c6 a4 63. c7 a3 64. c8=Q Kc2 65.
Qa6 Kb3 66. Qxb5+ Ka2 67. c4 Ka1 68. Qb3 a2 69. Bc3# 1-0

[Event "4NCL Division 4 South"]
[Site "Reading, ENG"]
[Date "2018.03.24"]
[Round "7.99"]
[White "Jones, Robert L"]
[Black "Jaufarally, Nadia"]
[Result "0-1"]
[WhiteElo "1819"]
[BlackElo "1849"]
[PlyCount "188"]
[EventDate "2018.03.24"]

1. e4 c5 2. a3 e6 3. b4 cxb4 4. axb4 Bxb4 5. Bb2 Nf6 6. e5 Nd5 7. Qg4 g6 8. Ra3
Nc6 9. c4 Nde7 10. Rb3 Qa5 11. Qe4 Qa2 12. Qd3 Bc3 13. Qxc3 Qxb1+ 14. Bc1 Qe4+
15. Qe3 Qxe3+ 16. Rxe3 Nf5 17. Re4 b6 18. Nf3 Bb7 19. Bb2 Nb4 20. Rg4 h5 21.
Rg5 Bxf3 22. gxf3 a5 23. Kd1 a4 24. Ba3 Nc6 25. f4 Ncd4 26. Bg2 Rb8 27. Be4 b5
28. cxb5 Rxb5 29. Bc2 Nxc2 30. Kxc2 Rb3 31. Rb1 Nd4+ 32. Kc1 Ne2+ 33. Kc2 Nd4+
34. Kc1 $11 34... Ne2+ 35. Kc2 Rxb1 36. Kxb1 Nxf4 37. Rg3 Nd5 38. Bd6 Kd8 39.
Ra3 Kc8 40. Rxa4 Kb7 41. Ra3 Kc6 42. Ra6+ Kb5 43. Ra3 Kc6 44. Ra6+ Kb5 45. Ra3
Nb6 46. Rb3+ Ka6 47. Rf3 Rh7 48. Rc3 Nd5 49. Ra3+ $11 49... Kb7 50. Kc2 f6 51.
exf6 Nxf6 52. Rf3 Ne4 53. Bb4 Kc6 54. d3 Nd6 55. Kd2 Rf7 56. Ke3 Rxf3+ 57. Kxf3
Kd5 58. Bc3 e5 59. Ke3 Nf5+ 60. Kf3 Nd4+ 61. Ke3 Ne6 62. f3 g5 63. Be1 Nf4 64.
Bf2 Ke6 65. Kd2 d5 66. Bg3 Kf5 67. Ke3 d4+ 68. Kd2 h4 69. Be1 Ng2 70. Bf2 Kf4
71. Ke2 Ne3 72. Be1 Nd5 73. Ba5 Nc3+ 74. Kf2 Nd1+ 75. Ke2 Nb2 76. Bd2+ $11
76... Kf5 77. Bc1 Na4 78. h3 Nb6 79. Bd2 Nd5 80. Bc1 Ne7 81. Bd2 Nc6 82. Bc1
Nd8 83. Bd2 Nf7 84. Bc1 Ke6 85. Bd2 Kd5 86. Bc1 Ke6 87. Bd2 Kf5 88. Bc1 Nh8 89.
Bd2 Ng6 90. Bc1 Nf4+ 91. Bxf4 exf4 92. Kf2 Ke5 93. Ke2 Kd5 94. Kd2 Kc5 0-1

[Event "4NCL Division 4 South"]
[Site "Reading, ENG"]
[Date "2018.03.24"]
[Round "7.99"]
[White "Sheikh, Nasarullah"]
[Black "Pott, Laurie"]
[Result "1-0"]
[WhiteElo "1667"]
[BlackElo "1794"]
[PlyCount "121"]
[EventDate "2018.03.24"]

1. e4 c5 2. Nf3 d6 3. d4 cxd4 4. Nxd4 Nf6 5. Nc3 g6 6. Be3 Bg7 7. Be2 O-O 8. f4
Nc6 9. Nb3 Bd7 10. g4 Rc8 11. g5 Ne8 12. Qd2 a6 13. h4 Nb4 14. a3 Rxc3 15. bxc3
Qc8 16. Bd4 Bxd4 17. Nxd4 Nc6 18. h5 Nxd4 19. Qxd4 Bg4 20. hxg6 fxg6 21. Qc4+
Qxc4 22. Bxc4+ Kh8 23. Rf1 Ng7 24. Kd2 Nh5 25. f5 Ng3 26. Rf4 gxf5 27. exf5
Bxf5 28. Be6 Kg7 29. Bxf5 Nxf5 30. a4 Kg6 31. Rb4 Kxg5 32. Rg1+ Kf6 33. Rxb7 h5
34. Rb6 h4 35. Rh1 Rh8 36. Rxa6 h3 37. Rh2 Kg5 38. Ke2 Kg4 39. Kf2 Rc8 40. Rb6
Rxc3 41. Rb4+ Kg5 42. Kg1 Nh4 43. Rf2 Nf3+ 44. Kh1 Re3 45. Rf1 e5 46. Rb3 Rxb3
47. cxb3 Nd2 48. Rd1 Nxb3 49. Rxd6 Kf4 50. Rh6 Kg3 51. Rg6+ Kf2 52. Rb6 Nc5 53.
Rf6+ Kg3 54. Rg6+ Kf2 55. a5 e4 56. Rc6 e3 57. Rxc5 e2 58. Rf5+ Kg3 59. Re5 Kf2
60. Rxe2+ Kxe2 61. a6 1-0

[Event "4NCL Division 4 South"]
[Site "Reading, ENG"]
[Date "2018.03.24"]
[Round "7.99"]
[White "Jaufarally, Mohammud"]
[Black "Goldsmith, Rory"]
[Result "1/2-1/2"]
[WhiteElo "1540"]
[BlackElo "1690"]
[PlyCount "94"]
[EventDate "2018.03.24"]

1. e4 c5 2. Nf3 Nc6 3. d4 cxd4 4. Nxd4 Nf6 5. Nc3 e6 6. Nxc6 bxc6 7. Bd3 Bb4 8.
Bd2 Qc7 9. a3 Ba5 10. O-O Rb8 11. b4 Bb6 12. Bg5 Bd4 13. Qd2 h6 14. Bh4 Be5 15.
Bg3 Bxg3 16. hxg3 d5 17. Rfe1 O-O 18. Na4 Bb7 19. Nc5 Nd7 20. Nb3 Rfc8 21. exd5
cxd5 22. Qe3 Qb6 23. Nd4 Ba6 24. b5 Bb7 25. a4 Qa5 26. Qe2 Qc3 27. Nf3 Rc7 28.
Qe3 Ba8 29. a5 Rbc8 30. Reb1 Rc5 31. Nd4 e5 32. Nf5 d4 33. Qe2 Re8 34. Qd1 Bd5
35. Qc1 Rc7 36. Ra3 Qc5 37. f3 Re6 38. Raa1 Bc4 39. Bxc4 Qxc4 40. Rb2 Qc3 41.
Rab1 Qxa5 42. Qd1 Qc3 43. g4 Qc5 44. Kh2 Nb6 45. Ng3 Nd5 46. Ne4 Qe7 47. Qe1
Nf4 1/2-1/2

[Event "4NCL Division 4 South"]
[Site "Reading, ENG"]
[Date "2018.03.24"]
[Round "7.99"]
[White "Ryan, John"]
[Black "Kilcline, Jenny"]
[Result "0-1"]
[WhiteElo "1532"]
[BlackElo "1574"]
[PlyCount "114"]
[EventDate "2018.03.24"]

1. d4 Nf6 2. Nf3 g6 3. Bf4 d6 4. h3 c5 5. e3 Bg7 6. c3 Nbd7 7. Na3 a6 8. Qa4
Nd5 9. Bg3 O-O 10. Qb3 N5f6 11. Be2 b5 12. Qd1 Bb7 13. O-O Ne4 14. Bh2 e5 15.
Nc2 f5 16. Nd2 Ng5 17. Nf3 e4 18. Nxg5 Qxg5 19. Bxd6 Rf7 20. Bf4 Qf6 21. a4 g5
22. Bg3 f4 23. Bh5 Rff8 24. Bh2 f3 25. g3 Bd5 26. Ne1 Be6 27. g4 Qh6 28. d5 Bf7
29. Bg3 Bxh5 30. gxh5 Qxh5 31. Kh2 Be5 32. d6 g4 33. Qd5+ Kg7 34. Bxe5+ Nxe5
35. Qb7+ Kh6 36. Rh1 Qh4 37. Kg1 Rg8 38. Qe7 gxh3+ 39. Kf1 Qxe7 40. dxe7 Kg6
41. Rxh3 Rg7 42. axb5 Rxe7 43. Rh4 Nc4 44. Kg1 Nxb2 45. Rxa6+ Rxa6 46. bxa6 Nd3
47. Kf1 Kg5 48. Rh3 c4 49. Nc2 Ra7 50. Nd4 Rxa6 51. Nxf3+ exf3 52. Rxf3 Ra1+
53. Ke2 Ra2+ 54. Kf1 Rxf2+ 55. Rxf2 Nxf2 56. Kxf2 h5 57. Kg3 Kf5 0-1

[Event "4NCL Division 4 South"]
[Site "Reading, ENG"]
[Date "2018.03.24"]
[Round "7.99"]
[White "Kilcline, Declan A"]
[Black "Thatte, Nandinee"]
[Result "1-0"]
[WhiteElo "1423"]
[BlackElo "1254"]
[PlyCount "177"]
[EventDate "2018.03.24"]

1. e4 d5 2. exd5 Qxd5 3. Nc3 Qa5 4. Bc4 Nf6 5. d3 c6 6. Bd2 Bf5 7. Qf3 e6 8.
Nd5 Qd8 9. Nxf6+ gxf6 10. g4 Bg6 11. Bc3 Nd7 12. h4 h5 13. g5 Bf5 14. Qe3 Bd6
15. O-O-O Rg8 16. f4 Qc7 17. Ne2 Qd8 18. Kb1 Bg4 19. Rde1 Qb6 20. Qxb6 Nxb6 21.
Bb3 fxg5 22. fxg5 O-O-O 23. Rhf1 Rdf8 24. Bd2 Nd5 25. Bxd5 cxd5 26. Bf4 Bc5 27.
Be5 Bh3 28. Rf6 Be7 29. Rf2 Rg6 30. Nf4 Bf5 31. Nxg6 Bxg6 32. a3 Bf5 33. Rf4
Kd7 34. Ref1 Bc5 35. d4 Be7 36. R1f2 Rc8 37. Kc1 Rc6 38. R4f3 Rc8 39. Rb3 b6
40. Rbf3 Rc6 41. c3 b5 42. Bg7 Rc8 43. Be5 b4 44. Rxf5 exf5 45. axb4 Bxb4 46.
Rxf5 Ke7 47. Bf6+ Ke6 48. Re5+ Kd7 49. Rxd5+ Ke6 50. Re5+ Kd7 51. Kd2 Bd6 52.
Ra5 Rc7 53. Be5 Bxe5 54. Rxe5 Rb7 55. b4 Rb8 56. Ra5 Ra8 57. Ra6 Kc7 58. Kd3
Kd7 59. Rh6 Re8 60. Rxh5 Re6 61. Rh6 Re8 62. g6 fxg6 63. Rxg6 Rh8 64. Rg7+ Kc6
65. Rxa7 Rxh4 66. Kc4 Rh5 67. Ra6+ Kb7 68. Re6 Kc7 69. b5 Kd7 70. Re5 Rh6 71.
Rc5 Rb6 72. Kb4 Rh6 73. d5 Rh4+ 74. c4 Rh6 75. Rc6 Rh1 76. Kc5 Rh4 77. b6 Rh1
78. Rc7+ Kd8 79. Kc6 Rb1 80. c5 Rb2 81. Rh7 Ke8 82. b7 Rxb7 83. Rxb7 Kf8 84.
Kd6 Kg8 85. Ke6 Kh8 86. Kf6 Kg8 87. Rc7 Kh8 88. Kg6 Kg8 89. Rc8# 1-0

[Event "4NCL Division 4 South"]
[Site "Reading, ENG"]
[Date "2018.03.24"]
[Round "7.99"]
[White "Wolstenholme, Otis"]
[Black "Heard, Andrew H"]
[Result "0-1"]
[WhiteElo "1277"]
[BlackElo "1910"]
[PlyCount "88"]
[EventDate "2018.03.24"]

1. c4 Nf6 2. g3 g6 3. Bg2 Bg7 4. Nc3 O-O 5. Rb1 d6 6. d3 e5 7. e4 Nc6 8. Nge2
Nh5 9. O-O f5 10. f4 fxe4 11. Nxe4 exf4 12. Nxf4 Nxf4 13. Bxf4 Bf5 14. Nf2 Qd7
15. a3 a5 16. h3 Rab8 17. Bd2 Bd4 18. Bc3 Bxh3 19. Bd5+ Be6 20. Bxd4 Nxd4 21.
Qg4 Nf3+ 22. Kh1 Bxd5 23. Qxd7 Ne5+ 24. cxd5 Nxd7 25. Ne4 h6 26. Rbc1 Rxf1+ 27.
Rxf1 Nb6 28. Nc3 Kg7 29. Kg2 Re8 30. Rf2 Re3 31. d4 Rd3 32. Re2 Kf6 33. Rf2+
Ke7 34. Re2+ Kd7 35. Rf2 Nc8 36. Rf7+ Ne7 37. Rf2 Rxd4 38. Kf1 Nxd5 39. Rf7+
Ke6 40. Rf3 Nxc3 41. Rxc3 c6 42. Re3+ Kd5 43. b3 b5 44. Kf2 c5 0-1

[Event "4NCL Division 4 South"]
[Site "Reading, ENG"]
[Date "2018.03.24"]
[Round "7.99"]
[White "Gazes, Matthew"]
[Black "Carter, Gavin"]
[Result "1-0"]
[WhiteElo "1782"]
[BlackElo "1270"]
[PlyCount "75"]
[EventDate "2018.03.24"]

1. c4 g6 2. Nc3 Bg7 3. e4 d6 4. d4 e5 5. d5 Na6 6. Nf3 Nc5 7. b4 Na6 8. Be2 Bd7
9. a3 c5 10. b5 Nc7 11. O-O Qe7 12. a4 a5 13. Nd2 b6 14. Re1 h5 15. Ra3 Nf6 16.
Nf1 Bh6 17. Bxh6 Rxh6 18. Qd2 Rh7 19. Bd3 O-O-O 20. Qc1 Rg8 21. Qg5 h4 22. Be2
Rgh8 23. Nd2 Nce8 24. Nd1 Rh5 25. Bxh5 Rxh5 26. Qe3 g5 27. f3 Qf8 28. Nf2 Nh7
29. Nb3 f5 30. exf5 Qxf5 31. Qd2 Qg6 32. Nxa5 g4 33. fxg4 Bxg4 34. Nc6 Qg7 35.
a5 Rf5 36. axb6 Rf7 37. Ra8+ Kb7 38. Rb8# 1-0

[Event "4NCL Division 4 South"]
[Site "Reading, ENG"]
[Date "2018.03.24"]
[Round "7.99"]
[White "Dave, Dirghayush J"]
[Black "Dovey, Andrew JW"]
[Result "0-1"]
[WhiteElo "1322"]
[BlackElo "1682"]
[PlyCount "64"]
[EventDate "2018.03.24"]

1. e4 e5 2. Nf3 Nc6 3. Nc3 d6 4. Bc4 h6 5. O-O Nf6 6. d4 Bg4 7. h3 Bh5 8. dxe5
Nxe5 9. Be2 Bxf3 10. Bxf3 c6 11. Be2 Qd7 12. Bf4 O-O-O 13. Qd4 c5 14. Qd2 Kb8
15. Nb5 Nxe4 16. Qa5 Nc6 17. Qa3 a6 18. Bg4 f5 19. Be2 axb5 20. Bxb5 g5 21. Be3
f4 22. Bc1 c4 23. b3 d5 24. Qb2 Bg7 25. Qb1 Nc3 26. Qb2 Nxb5 27. Qb1 Nc3 28.
Qb2 Ne2+ 29. Kh1 Bxb2 30. Bxb2 Rhg8 31. Rae1 f3 32. gxf3 Qxh3# 0-1

[Event "4NCL Division 4 South"]
[Site "Reading, ENG"]
[Date "2018.03.24"]
[Round "7.99"]
[White "Lettington, David"]
[Black "Carter, Rebecca"]
[Result "1-0"]
[WhiteElo "1643"]
[BlackElo "1187"]
[PlyCount "81"]
[EventDate "2018.03.24"]

1. Nf3 Nc6 2. g3 d5 3. Bg2 Nf6 4. O-O e5 5. d3 Bc5 6. Nbd2 Bf5 7. Qe1 Bg4 8. h3
Be6 9. Kh2 Qd7 10. e4 d4 11. Ng5 O-O-O 12. Nxe6 Qxe6 13. a3 h5 14. Nf3 Rdg8 15.
Rh1 Nh7 16. h4 Qf6 17. Ng5 Nxg5 18. Bxg5 Qg6 19. Bh3+ Kb8 20. Bf5 Qd6 21. b4
Bb6 22. b5 Ne7 23. Bh3 f6 24. Bd2 g5 25. f3 gxh4 26. gxh4 f5 27. Qf2 fxe4 28.
fxe4 Rf8 29. Qe1 Rhg8 30. Rg1 Qc5 31. Rxg8 Rxg8 32. Qd1 Qxb5 33. Qxh5 Qb2 34.
Rc1 c6 35. Qh7 Qxa3 36. Be6 Qd6 37. Bg5 Qb4 38. Qxe7 Qxe7 39. Bxe7 Kc7 40. Bxg8
a5 41. h5 1-0

[Event "4NCL Division 4 South"]
[Site "Reading, ENG"]
[Date "2018.03.24"]
[Round "7.99"]
[White "Sheng, Benjamin"]
[Black "Ellis, Bryan Timothy"]
[Result "1/2-1/2"]
[WhiteElo "1112"]
[BlackElo "1317"]
[PlyCount "51"]
[EventDate "2018.03.24"]

1. d4 d5 2. c4 Nf6 3. Nc3 e6 4. Nf3 c6 5. g3 Qb6 6. Bg2 Bb4 7. Qc2 Bxc3+ 8.
Qxc3 Ne4 9. Qc2 f5 10. O-O Nd7 11. b3 O-O 12. Bb2 Qd8 13. e3 Rf6 14. Rad1 Rh6
15. Nd2 Ndf6 16. Nxe4 fxe4 17. f3 Qe8 18. fxe4 dxe4 19. Bxe4 Qh5 20. d5 Nxe4
21. Ba3 Nf6 22. dxc6 Qe8 23. Qd2 bxc6 24. Qd8 Bb7 25. Qxe8+ Rxe8 26. Rd2
1/2-1/2

[Event "4NCL Division 4 South"]
[Site "Reading, ENG"]
[Date "2018.03.24"]
[Round "7.99"]
[White "Couchman, Andrew"]
[Black "Ibrahim, Amir"]
[Result "0-1"]
[WhiteElo "1152"]
[BlackElo "1045"]
[PlyCount "24"]
[EventDate "2018.03.24"]

1. d4 e5 2. dxe5 Nc6 3. Nf3 Qe7 4. Bf4 Qb4+ 5. Bd2 Qxb2 6. Bc3 Bb4 7. Bxb4 Nxb4
8. Na3 Qxa3 9. Qb1 Qc3+ 10. Kd1 Ne7 11. Nd2 Qxe5 12. a3 Nbd5 0-1

[Event "4NCL Division 4 South"]
[Site "Reading, ENG"]
[Date "2018.03.24"]
[Round "7.99"]
[White "Kramaley, David"]
[Black "Angelopoulos, Nicos"]
[Result "1-0"]
[WhiteElo "1900"]
[BlackElo "1545"]
[PlyCount "61"]
[EventDate "2018.03.24"]

1. e4 c6 2. d4 d5 3. Nd2 dxe4 4. Nxe4 Bf5 5. Ng3 Bg6 6. Bc4 Nf6 7. N1e2 Nd5 8.
Bb3 a5 9. a3 h6 10. c4 Nc7 11. Nf4 Bh7 12. O-O g5 13. Nfe2 e6 14. Nc3 Bg7 15.
Be3 O-O 16. Nh5 Bh8 17. f4 f6 18. d5 exd5 19. cxd5 cxd5 20. Nxd5 Ne6 21. f5
Bxf5 22. Rxf5 Nd7 23. Nc7 Qxc7 24. Bxe6+ Kh7 25. Qxd7+ Qxd7 26. Bxd7 Rad8 27.
Rd5 Kg6 28. Bf5+ Kxh5 29. g4+ Kh4 30. Bf2+ Kh3 31. Rad1 1-0

[Event "4NCL Division 4 South"]
[Site "Reading, ENG"]
[Date "2018.03.24"]
[Round "7.99"]
[White "Sezer, Steve"]
[Black "O'Byrne, Daniel"]
[Result "1/2-1/2"]
[WhiteElo "1510"]
[BlackElo "1688"]
[PlyCount "66"]
[EventDate "2018.03.24"]

1. d4 f5 2. c4 Nf6 3. Nc3 d6 4. g3 Nc6 5. Bg2 e5 6. Bxc6+ bxc6 7. dxe5 Ng4 8.
Nf3 Nxe5 9. Nxe5 dxe5 10. Qxd8+ Kxd8 11. O-O Be6 12. b3 Bb4 13. Bb2 Ke8 14. Na4
Kf7 15. Bxe5 Bd6 16. Bd4 Rhe8 17. e3 g5 18. c5 Bf8 19. Rfd1 Bd5 20. Nc3 Bf3 21.
Re1 Rad8 22. Nb1 f4 23. Nd2 Bg4 24. Nc4 Rd5 25. b4 Bf3 26. Nd2 Bg4 27. Kg2 h5
28. Nf3 Kg6 29. h3 Bf5 30. Kh2 Be4 31. Nd2 Bf5 32. Nf3 Be4 33. Nd2 Bf5 1/2-1/2

[Event "4NCL Division 4 South"]
[Site "Reading, ENG"]
[Date "2018.03.24"]
[Round "7.99"]
[White "Headlong, Benjamin"]
[Black "Karas, Eugenia"]
[Result "1/2-1/2"]
[WhiteElo "1727"]
[BlackElo "1457"]
[PlyCount "113"]
[EventDate "2018.03.24"]

1. e4 e5 2. Nf3 Nc6 3. Bc4 Bc5 4. O-O Nf6 5. d4 Bxd4 6. Nxd4 Nxd4 7. f4 d6 8.
fxe5 dxe5 9. Bg5 Bg4 10. Bxf6 Bxd1 11. Bxd8 Nxc2 12. Bxf7+ Kxd8 13. Rxd1+ Ke7
14. Bh5 Nxa1 15. Na3 Nb3 16. axb3 Rad8 17. Rxd8 Rxd8 18. Nc4 Kf6 19. Bf3 Rd3
20. Na5 b6 21. Nc6 a5 22. b4 axb4 23. Nxb4 Rb3 24. Nd5+ Kg6 25. Nxc7 Rxb2 26.
Nd5 b5 27. Kf1 b4 28. Ke1 b3 29. Nb4 Rb1+ 30. Kd2 b2 31. Kc2 Rh1 32. Kxb2 Rxh2
33. Nc6 Kf6 34. Kc2 g5 35. Kd3 g4 36. Bxg4 Rxg2 37. Bf5 h5 38. Ke3 h4 39. Kf3
Rg3+ 40. Kf2 Rg5 41. Bh3 Rg3 42. Bg2 Rc3 43. Nb4 Kg5 44. Nd5 Rb3 45. Ne3 Kf4
46. Nd5+ Kg5 47. Bh1 Kg4 48. Ne3+ Kg5 49. Bf3 Kf4 50. Ng2+ Kg5 51. Ne3 Kf4 52.
Nd5+ Kg5 53. Ne7 Kf6 54. Nf5 Kg5 55. Bd1 Rb4 56. Kf3 Rb2 57. Be2 1/2-1/2

[Event "4NCL Division 4 South"]
[Site "Reading, ENG"]
[Date "2018.03.24"]
[Round "7.99"]
[White "Savas, Stoica M"]
[Black "Headlong, Fenella"]
[Result "1-0"]
[WhiteElo "1330"]
[BlackElo "1682"]
[PlyCount "65"]
[EventDate "2018.03.24"]

1. e4 e5 2. Nf3 Nc6 3. Bb5 a6 4. Ba4 Nf6 5. O-O Nxe4 6. Re1 Nc5 7. Bxc6 dxc6 8.
d4 Ne6 9. dxe5 Qxd1 10. Rxd1 Be7 11. Nc3 O-O 12. b3 f6 13. Bb2 Nf4 14. h3 fxe5
15. Nxe5 Bf5 16. Rac1 Bb4 17. Re1 Rae8 18. a3 Bc5 19. Ne2 Ng6 20. Ng3 Bxh3 21.
Nd3 Rxe1+ 22. Rxe1 Bxg2 23. Nxc5 Bf3 24. Nxb7 Nf4 25. Re7 Rb8 26. Rxg7+ Kf8 27.
Rxc7 Re8 28. Bc3 Nh3+ 29. Kh2 Nxf2 30. Nf5 Ng4+ 31. Kg3 h5 32. Nbd6 Bd5 33.
Nxe8 1-0

[Event "4NCL Division 4 South"]
[Site "Reading, ENG"]
[Date "2018.03.24"]
[Round "7.99"]
[White "Dray-Pearce, Tristan"]
[Black "Willmoth, Kate"]
[Result "1-0"]
[WhiteElo "1651"]
[BlackElo "1380"]
[PlyCount "61"]
[EventDate "2018.03.24"]

1. e4 e5 2. Nf3 Nc6 3. Bc4 Nf6 4. d3 Be7 5. c3 d5 6. exd5 Nxd5 7. O-O a6 8. Re1
Qd6 9. Nbd2 Bf5 10. Ne4 Bxe4 11. dxe4 Nb6 12. Qxd6 Bxd6 13. Bd5 O-O 14. Bxc6
bxc6 15. b3 Rfe8 16. c4 Nd7 17. Be3 Bc5 18. Bxc5 Nxc5 19. Rad1 f6 20. b4 Nb7
21. Rd7 Rec8 22. c5 a5 23. a3 axb4 24. axb4 Ra4 25. Rb1 Kf8 26. Nh4 Re8 27. f3
Rc8 28. Nf5 g6 29. Rxh7 gxf5 30. Rh8+ Ke7 31. Rxc8 1-0

[Event "4NCL Division 4 South"]
[Site "Reading, ENG"]
[Date "2018.03.24"]
[Round "7.99"]
[White "Wolstenholme, Scarlet"]
[Black "Headlong, Georgia"]
[Result "0-1"]
[WhiteElo "1255"]
[BlackElo "1585"]
[PlyCount "60"]
[EventDate "2018.03.24"]

1. d4 Nf6 2. c4 e6 3. Nf3 b6 4. g3 Bb7 5. Bg2 Be7 6. O-O O-O 7. Qc2 d6 8. h4
Nbd7 9. Re1 Be4 10. Qd2 c5 11. dxc5 bxc5 12. Nc3 Rb8 13. Nxe4 Nxe4 14. Qd3 f5
15. Ng5 Nxg5 16. hxg5 Ne5 17. Qd2 Nxc4 18. Qc2 Qa5 19. Rd1 d5 20. Qd3 Nxb2 21.
Bxb2 Rxb2 22. Rab1 Rxb1 23. Qxb1 Qb6 24. Qc1 c4 25. Kh2 Qxf2 26. Rh1 Bd6 27.
Rf1 Qxg3+ 28. Kg1 Bc5+ 29. Kh1 Qh4+ 30. Bh3 Qxh3# 0-1

[Event "4NCL Division 4 South"]
[Site "Reading, ENG"]
[Date "2018.03.24"]
[Round "7.99"]
[White "Gentry, Alan E"]
[Black "Cooke, Charlie"]
[Result "1-0"]
[WhiteElo "1720"]
[BlackElo "1784"]
[PlyCount "61"]
[EventDate "2018.03.24"]

1. d4 d5 2. Nf3 Nf6 3. c4 e6 4. Nc3 Be7 5. Bf4 c6 6. e3 O-O 7. Bd3 Nbd7 8. Qc2
dxc4 9. Bxc4 Nb6 10. Bd3 Nbd5 11. a3 Nxf4 12. exf4 g6 13. O-O Nd5 14. Nxd5 exd5
15. Rfe1 Bd6 16. f5 Qf6 17. fxg6 hxg6 18. Ne5 Bxe5 19. dxe5 Qe7 20. Re3 Bd7 21.
Rae1 Rad8 22. Rg3 Kh8 23. Qd2 Kg7 24. f4 Rh8 25. f5 Qc5+ 26. Kh1 Rh6 27. fxg6
fxg6 28. Qg5 Rdh8 29. Qf6+ Kg8 30. Rxg6+ Rxg6 31. Qxg6+ 1-0